| 000 | 01398nam a2200325 i 4500 | ||
|---|---|---|---|
| 001 | bg | ||
| 245 | 0 | 0 |
_aPrawo ochrony środowiska Wspólnoty Europejskiej. _nT. 3, _pChemikalia, zagrożenia przemysłowe i biotechnologie / _c[red. wyd. pol. Janusz Żurek, Krystyna Flejszer, Iwona Ornoch ; tł. z ang. Krzysztof Brzózka et al.] ; Min. Ochrony Środowiska, Zasobów Naturalnych i Leśnictwa, [Instytut Ochrony Środowiska]. |
| 246 |
_iTyt. oryg.: _aEuropean Community environment legislation |
||
| 260 |
_aWarszawa : _b"GEA", _c[cop. 1994]. |
||
| 300 |
_aLX, 490 s. : _brys. ; _c24 cm. |
||
| 500 | _aOryg.: "European Community environment legislation. Vol.3: Chemicals, industrial risks and biotechnology" 1992. | ||
| 504 | _aIndeks aktów prawnych. | ||
| 650 | 9 | _aPrawo wspólnotowe europejskie | |
| 650 | 9 |
_aŚrodowisko człowieka _xochrona _xprawo _zEuropa |
|
| 650 | 9 |
_aChemikalia _xbezpieczeństwo _xprawo _zEuropa |
|
| 650 | 9 |
_aBiotechnologia _xprawo _zEuropa |
|
| 700 | 1 |
_aŻUREK, Janusz. _eRed. |
|
| 700 | 1 |
_aFLEJSZER, Krystyna. _eRed. |
|
| 700 | 1 |
_aORNOCH, Iwona. _eRed. |
|
| 700 | 1 |
_aBRZÓZKA, Krzysztof. _eTł. |
|
| 020 | _a8386467037 (t.3) | ||
| 020 | _a8386467002 (t.1-8) | ||
| 040 | _cBPK | ||
| 041 | 1 | _apl | |
| 080 | _a504:349.6](4)(094) | ||
| 920 | _a83-86467-03-7 (t.3) | ||
| 920 | _a83-86467-00-2 (t.1-8) | ||
| 942 | _cKS | ||
| 008 | s pl f |000 0 pol | ||
| 999 |
_c31400 _d31400 |
||
| 856 |
_uhttp://koha.tu.koszalin.pl/cgi-bin/koha/opac-detail.pl?biblionumber=31400 _yKatalog online BPK |
||